00758 a2200205 4500020001500000020001500015020001500030040001300045100002300058245010200081250001200183260004800195300007500243500002000318650001300338700002000351942002100371999001500392952014500407 a0534408443 a0534409490 a053440846X aDLCbDLC1 aSerway, Raymond A.10aPhysics for scientists and engineers, with modern physics bRaymond A. Serway, John W. Jewett, Jr a6th ed. aBelmont, CA :bThomson-Brooks/Cole,cc2004. a2 v. xxiii, 1552, 64, 4, 28 p. :bill. (some col.), col. map ;c29 cm. aIncludes index. 0aPhysics.1 aJewett, John W. cBKk530 SER2ddc c4478d4478 001040708NFICaCLbCLcGENd2007-02-28eAllied Book Companyg701.10l20m13o530 SERpSEECS008185r2026-01-26s2025-09-12w2017-01-05yBK